All About Ireland - Statistics

General Stats
  • This quiz has been taken 2,519 times
  • The average score is 7 of 10
Answer Stats
Hint Answer % Correct
In Hurling how many points do you get for a goal? 3
95%
How Many Provinces are in Ireland? 4
94%
What is the capital of Ireland? Dublin
92%
How many Counties are in Ireland? 32
88%
What is the National Symbol of Ireland? Harp
84%
What is the most popular whiskey in Ireland? Jameson
70%
What is the national flag of the Republic called? Tricolour
64%
What is the Irish Language Called? Gaeilge
40%
What year was Guinness made? 1759
26%
Who was the first president of Ireland? Eamonn De Valera
7%
No matching quizzes found
Score Distribution
Percent of People with Each Score
Percentile by Number Answered
Your Score History
You have not taken this quiz